| 000 | 00457 a2200169 4500 | ||
|---|---|---|---|
| 003 | Nust | ||
| 005 | 20230321122202.0 | ||
| 040 | _cNust | ||
| 082 | _a657.2,FIE | ||
| 100 |
_aFieldhouse, Arthur _9110831 |
||
| 245 |
_aThe students Complete commercial book keeping : _baccounting and banking / _cArthur Fieldhouse |
||
| 250 | _a55th ed. | ||
| 260 |
_aLondon _bSimpkin Marshal _c1941. |
||
| 300 | _a275:p | ||
| 650 |
_aBook Keeping _9110832 |
||
| 942 |
_2ddc _cBK |
||
| 999 |
_c185936 _d185936 |
||